| 000 | 00340nam a2200133Ia 4500 | ||
|---|---|---|---|
| 008 | 240624s9999 xx 000 0 und d | ||
| 041 | _aeng | ||
| 082 | _a352.6 LIF | ||
| 100 | _aLIFF STEWART | ||
| 245 | _aIMPROVING THE PERFORMANCE OF GOVERNMENT | ||
| 260 |
_c2011 _aNew York _bAMACOM |
||
| 300 | _ax, : 230 : p. : cm. ; 23 | ||
| 365 |
_c _b28 |
||
| 999 |
_c22529 _d22529 |
||